[Event "MNT-chT 1st League"]
[Site "Podgorica"]
[Date "2021.05.22"]
[Round "4.1"]
[White "Bajkovic, Nikola"]
[Black "Pobor, Milo"]
[Result "0-1"]
[WhiteElo "2114"]
[BlackElo "2124"]
[PlyCount "148"]
[EventDate "2021.05.20"]
[EventType "team-tourn"]
[EventRounds "7"]
[EventCountry "MNE"]
[SourceTitle "EXT 2022"]
[Source "ChessBase"]
[SourceDate "2021.10.06"]
[SourceVersion "1"]
[SourceVersionDate "2021.10.06"]
[SourceQuality "1"]

1. d4 Nf6 2. c4 c5 3. d5 g6 4. Nc3 Bg7 5. g3 d6 6. Bg2 0-0 7. e4 Re8 8. Nge2 e6 9. h3 exd5 10. exd5 Nbd7 11. 0-0 Nb6 12. b3 h5 13. Bg5 Bf5 14. Rc1 Nbd7 15. Qd2 Ne5 16. Kh1 Qd7 17. Ng1 Nd3 18. Rcd1 Nb4 19. Kh2 Nh7 20. Be3 Nc2 21. Bh6 Bxh6 22. Qxh6 Nd4 23. Rfe1 Nf6 24. Qf4 a6 25. Rxe8+ Rxe8 26. Rxd4 cxd4 27. Qxd4 Qe7 28. Nf3 Bd7 29. Qb6 Bc8 30. b4 Nd7 31. Qd4 b6 32. Qf4 Qf6 33. Nd4 Bb7 34. h4 Kg7 35. Bh3 Ne5 36. Qxf6+ Kxf6 37. Ne4+ Ke7 38. Bf1 Rc8 39. Nd2 Rc7 40. a4 Bc8 41. Be2 Bd7 42. b5 axb5 43. axb5 Ra7 44. Kg2 Ra2 45. Nf1 Kd8 46. Ne3 Kc7 47. Bf1 Ng4 48. Nxg4 Bxg4 49. Kg1 Bd1 50. Kg2 Rd2 51. Nf3 Bxf3+ 52. Kxf3 Kd7 53. Bh3+ Ke7 54. Ke3 Rc2 55. Bf1 Kf6 56. Bd3 Rb2 57. f4 Rb3 58. Ke2 Kg7 59. Kd2 Rb2+ 60. Ke3 f6 61. Be2 Rb3+ 62. Bd3 Kh6 63. Kd2 g5 64. f5 g4 65. Kc2 Ra3 66. Kd2 Kg7 67. Ke3 Kf7 68. Kd2 Ra2+ 69. Bc2 Ra1 70. Bd1 Ra3 71. Be2 Rxg3 72. c5 dxc5 73. d6 Rg2 74. Ke3 Rxe2+ 0-1

[Event "MNT-chT 1st League"]
[Site "Podgorica"]
[Date "2018.10.20"]
[Round "8.3"]
[White "Jeknic, Velimir"]
[Black "Bajkovic, Nikola"]
[Result "1-0"]
[WhiteElo "1909"]
[BlackElo "2083"]
[PlyCount "48"]
[EventDate "2018.09.07"]
[EventType "team-tourn"]
[EventRounds "9"]
[EventCountry "MNE"]
[SourceTitle "CBM 187 Extra"]
[Source "ChessBase"]
[SourceDate "2018.11.04"]
[SourceVersion "1"]
[SourceVersionDate "2018.11.04"]
[SourceQuality "1"]
[WhiteTeam "Prosvjeta"]
[BlackTeam "Cetinje"]
[WhiteTeamCountry "MNE"]
[BlackTeamCountry "MNE"]

1. e4 c5 2. d4 cxd4 3. c3 dxc3 4. Nxc3 Nc6 5. Nf3 g6 6. Bc4 Bg7 7. Qb3 e6 8. Nb5 h6 9. Bf4 Qa5+ 10. Kf1 e5 11. Bxf7+ Kd8 12. Bd2 Qb6 13. Bxg8 Ne7 14. Bc4 a6 15. Nc3 Qc7 16. Nd5 Nxd5 17. Bxd5 Rb8 18. Rc1 Qd6 19. Bb4 Qf6 20. Qc3 Ra8 21. Qc7+ Ke8 22. Qxc8+ Rxc8 23. Rxc8+ Qd8 24. Rxd8+ Kxd8 1-0

[Event "MNT-chT 1st League"]
[Site "Podgorica"]
[Date "2018.09.28"]
[Round "4.5"]
[White "Perosevic, Aleksandar"]
[Black "Bajkovic, Nikola"]
[Result "0-1"]
[WhiteElo "2132"]
[BlackElo "2083"]
[PlyCount "58"]
[EventDate "2018.09.07"]
[EventType "team-tourn"]
[EventRounds "9"]
[EventCountry "MNE"]
[SourceTitle "CBM 187 Extra"]
[Source "ChessBase"]
[SourceDate "2018.11.04"]
[SourceVersion "1"]
[SourceVersionDate "2018.11.04"]
[SourceQuality "1"]
[WhiteTeam "Niksic"]
[BlackTeam "Cetinje"]
[WhiteTeamCountry "MNE"]
[BlackTeamCountry "MNE"]

1. e4 c5 2. Nf3 Nc6 3. d4 cxd4 4. Nxd4 Nf6 5. Nc3 d6 6. Bc4 e6 7. Be3 Be7 8. Bb3 0-0 9. Qe2 a6 10. 0-0-0 Na5 11. g4 Nxb3+ 12. axb3 Qa5 13. Kb1 d5 14. e5 Ne8 15. h4 Bd7 16. f4 Nc7 17. Rhg1 Nb5 18. Nxd5 exd5 19. Nf5 Ba3 20. Bc1 Rfc8 21. Rg3 Bf8 22. h5 Rc6 23. Nh4 Rac8 24. c3 Nxc3+ 25. bxc3 Rxc3 26. Rxc3 Rxc3 27. Qb2 Qb4 28. Bd2 Qe4+ 29. Ka1 Rc2 0-1

[Event "MNT-chT 1st League"]
[Site "Podgorica"]
[Date "2018.09.07"]
[Round "1.2"]
[White "Bulat, Rade"]
[Black "Bajkovic, Nikola"]
[Result "1-0"]
[WhiteElo "1876"]
[BlackElo "2083"]
[PlyCount "57"]
[EventDate "2018.09.07"]
[EventType "team-tourn"]
[EventRounds "9"]
[EventCountry "MNE"]
[SourceTitle "CBM 187 Extra"]
[Source "ChessBase"]
[SourceDate "2018.11.04"]
[SourceVersion "1"]
[SourceVersionDate "2018.11.04"]
[SourceQuality "1"]
[WhiteTeam "Gambit"]
[BlackTeam "Cetinje"]
[WhiteTeamCountry "MNE"]
[BlackTeamCountry "MNE"]

1. e4 c5 2. Bc4 Nc6 3. Nf3 e6 4. Nc3 Nf6 5. e5 Ng4 6. Qe2 Qc7 7. Nb5 Qb8 8. d4 a6 9. Nd6+ Bxd6 10. exd6 Qxd6 11. h3 Nf6 12. dxc5 Qxc5 13. Be3 Qe7 14. 0-0 b5 15. Bb3 Bb7 16. Bg5 0-0 17. Rad1 Na5 18. Nd4 Qc5 19. Be3 Qe5 20. c3 Nxb3 21. Nxb3 Nd5 22. Rd4 Nxe3 23. fxe3 Qc7 24. Rfd1 d5 25. Rh4 g6 26. Nd4 Qe7 27. Rg4 f5 28. Rg3 e5 29. Nf3 1-0

[Event "MNT-chT"]
[Site "Niksic"]
[Date "2016.08.12"]
[Round "7.4"]
[White "Bajkovic, Nikola"]
[Black "Musovic, Armin"]
[Result "1-0"]
[WhiteElo "2111"]
[BlackElo "2233"]
[PlyCount "57"]
[EventDate "2016.08.06"]
[EventType "team-tourn"]
[EventRounds "9"]
[EventCountry "MNE"]
[SourceTitle "CBM 173 Extra"]
[Source "ChessBase"]
[SourceDate "2016.08.29"]
[SourceVersion "1"]
[SourceVersionDate "2016.08.29"]
[SourceQuality "1"]

1. d4 Nf6 2. Nf3 e6 3. Nbd2 c5 4. e3 Nc6 5. c3 d5 6. Bd3 Bd6 7. Qe2 cxd4 8. exd4 0-0 9. Ne5 Nd7 10. f4 Bxe5 11. dxe5 f6 12. Nf3 f5 13. Be3 b6 14. g4 Nc5 15. Bxc5 bxc5 16. gxf5 exf5 17. 0-0-0 Rb8 18. Rhg1 Qa5 19. e6 Qc7 20. Ng5 Qxf4+ 21. Kb1 g6 22. Qg2 Ne7 23. h4 h6 24. Nf7 Bxe6 25. Rdf1 Qe3 26. Rf3 Qxf3 27. Nxh6+ Kh7 28. Qxf3 Kxh6 29. Qe3+ 1-0

[Event "MNT-chT"]
[Site "Niksic"]
[Date "2016.08.09"]
[Round "4.3"]
[White "Bajkovic, Nikola"]
[Black "Milanovic, Slavisa"]
[Result "0-1"]
[WhiteElo "2111"]
[BlackElo "2395"]
[PlyCount "64"]
[EventDate "2016.08.06"]
[EventType "team-tourn"]
[EventRounds "9"]
[EventCountry "MNE"]
[SourceTitle "CBM 173 Extra"]
[Source "ChessBase"]
[SourceDate "2016.08.29"]
[SourceVersion "1"]
[SourceVersionDate "2016.08.29"]
[SourceQuality "1"]

1. d4 Nf6 2. Nf3 e6 3. e3 b6 4. Nbd2 Bb7 5. Bd3 c5 6. 0-0 Be7 7. c3 0-0 8. e4 d6 9. Qe2 cxd4 10. Nxd4 Nbd7 11. Re1 a6 12. Bc2 Qc7 13. Nf1 Rfe8 14. Ng3 g6 15. Bh6 Rac8 16. Rad1 b5 17. a3 Nc5 18. Kh1 e5 19. Nf3 Ne6 20. Nd2 Nf4 21. Qf3 d5 22. Bxf4 exf4 23. e5 d4 24. Qxf4 dxc3 25. Nde4 Nxe4 26. Bxe4 Bxe4 27. Nxe4 cxb2 28. Qd2 Qxe5 29. f4 Qg7 30. Rb1 Bxa3 31. Qa5 Bf8 32. Qxa6 Rc1 0-1

[Event "MNT-chT 1st League"]
[Site "Podgorica"]
[Date "2014.09.13"]
[Round "5.5"]
[White "Bajkovic, Nikola"]
[Black "Sukovic, Andrej"]
[Result "1-0"]
[WhiteElo "2118"]
[BlackElo "1592"]
[PlyCount "49"]
[EventDate "2014.08.29"]
[EventType "team-tourn"]
[EventRounds "9"]
[EventCountry "MNE"]
[SourceTitle "EXT 2018"]
[Source "ChessBase"]
[SourceDate "2017.10.13"]
[SourceVersion "1"]
[SourceVersionDate "2017.10.13"]
[SourceQuality "1"]
[WhiteTeam "Cetinje"]
[BlackTeam "Omladinac Buducnost"]
[WhiteTeamCountry "MNE"]
[BlackTeamCountry "MNE"]

1. d4 d5 2. Nf3 Nf6 3. e3 e6 4. Nbd2 c5 5. c3 Bd6 6. Bd3 0-0 7. Ne5 c4 8. Bc2 Bxe5 9. dxe5 Nfd7 10. f4 Qb6 11. Nf3 f6 12. 0-0 Nc6 13. Bd2 Qc5 14. Nd4 Qe7 15. Nf3 b5 16. Qe1 fxe5 17. Bxh7+ Kxh7 18. Ng5+ Kg8 19. Rf3 Nd8 20. Qh4 Nf6 21. fxe5 Qb7 22. Raf1 a5 23. exf6 gxf6 24. Rg3 Qg7 25. Nh7 1-0

[Event "MNT-chT 1st League"]
[Site "Podgorica"]
[Date "2014.08.30"]
[Round "2.5"]
[White "Popadic, Rajko"]
[Black "Bajkovic, Nikola"]
[Result "0-1"]
[WhiteElo "1854"]
[BlackElo "2118"]
[PlyCount "70"]
[EventDate "2014.08.29"]
[EventType "team-tourn"]
[EventRounds "9"]
[EventCountry "MNE"]
[SourceTitle "EXT 2018"]
[Source "ChessBase"]
[SourceDate "2017.10.13"]
[SourceVersion "1"]
[SourceVersionDate "2017.10.13"]
[SourceQuality "1"]
[WhiteTeam "Zora"]
[BlackTeam "Cetinje"]
[WhiteTeamCountry "MNE"]
[BlackTeamCountry "MNE"]

1. e4 d6 2. d4 Nf6 3. Nc3 Nbd7 4. h3 e5 5. Nf3 Be7 6. Be3 c6 7. Bc4 0-0 8. g4 b5 9. Bd3 Re8 10. g5 Nh5 11. d5 cxd5 12. Nxd5 a6 13. b4 g6 14. h4 Bb7 15. Be2 Bxd5 16. Qxd5 Nb6 17. Qb3 Rc8 18. Nh2 Ng7 19. Ng4 Nc4 20. Rd1 Ne6 21. 0-0 Qc7 22. Bd3 Rf8 23. Be2 h5 24. gxh6 Kh7 25. f4 f5 26. exf5 gxf5 27. Nh2 Rg8+ 28. Kh1 Rg3 29. Rd3 Qc6+ 30. Nf3 Rcg8 31. Bg1 Nxf4 32. Re3 Rh3+ 33. Bh2 Rg2 34. Ng5+ Rxg5+ 35. Bf3 Rg2 0-1

[Event "MNT-chT"]
[Site "Cetinje"]
[Date "2010.10.08"]
[Round "7"]
[White "Vujovic, Radoslav"]
[Black "Bajkovic, Nikola"]
[Result "1-0"]
[WhiteElo "1992"]
[BlackElo "2133"]
[PlyCount "82"]
[EventDate "2010.08.27"]
[EventType "team-tourn"]
[EventRounds "9"]
[EventCountry "MNE"]
[SourceTitle "CBM 138 Extra"]
[Source "ChessBase"]
[SourceDate "2010.10.29"]
[SourceVersion "1"]
[SourceVersionDate "2010.10.29"]
[SourceQuality "1"]

1. c4 Nf6 2. g3 g6 3. Bg2 Bg7 4. Nf3 0-0 5. 0-0 d6 6. Nc3 Nbd7 7. d4 c5 8. d5 a6 9. Re1 Rb8 10. a4 Qc7 11. Qc2 b6 12. e4 Ng4 13. h3 Nge5 14. Nd2 Nf6 15. f4 Ned7 16. Nf3 e6 17. e5 Ne8 18. dxe6 fxe6 19. Ng5 dxe5 20. Nxe6 Qd6 21. Nxf8 Qxf8 22. Nd5 Kh8 23. Rf1 Qd6 24. fxe5 Nxe5 25. Bf4 Bf5 26. Qe2 Nc7 27. Rad1 Ne6 28. g4 Nd4 29. Rxd4 cxd4 30. gxf5 gxf5 31. Qh5 d3 32. Qxf5 Qc5+ 33. Kh1 Rf8 34. Qe4 Nxc4 35. b3 Nd6 36. Qxd3 Nf5 37. Bh2 Nh4 38. Rxf8+ Qxf8 39. Be4 Qf2 40. Bg3 Qb2 41. Bxh4 Bd4 1-0

[Event "MNT-chT"]
[Site "Tivat"]
[Date "2010.04.25"]
[Round "3"]
[White "Milanovic, Slavisa"]
[Black "Bajkovic, Nikola"]
[Result "1-0"]
[WhiteElo "2364"]
[BlackElo "2126"]
[PlyCount "71"]
[EventDate "2010.04.03"]
[EventType "team"]
[EventRounds "6"]
[EventCountry "MNE"]
[SourceTitle "CBM 136 Extra"]
[Source "ChessBase"]
[SourceDate "2010.07.02"]
[SourceVersion "2"]
[SourceVersionDate "2010.07.15"]
[SourceQuality "1"]

1. c4 c5 2. Nf3 Nc6 3. d4 cxd4 4. Nxd4 g6 5. e4 Bg7 6. Be3 Nf6 7. Nc3 0-0 8. Be2 d6 9. f3 Nd7 10. Nb3 b6 11. Qd2 Re8 12. Bh6 Bh8 13. h4 a5 14. Nb5 a4 15. N3d4 Nxd4 16. Nxd4 a3 17. b3 Ne5 18. h5 Bd7 19. hxg6 fxg6 20. Rc1 Nf7 21. Be3 Rc8 22. Qb4 e6 23. 0-0 Rc5 24. Nc2 Bb2 25. Rcd1 Qh4 26. f4 Bc6 27. Bf3 Ng5 28. fxg5 Be5 29. Rf2 Bg3 30. Qxb6 Rf8 31. Bxc5 Qh2+ 32. Kf1 Bxe4 33. Bxe4 Bxf2 34. Bxf2 Qh1+ 35. Ke2 Qh5+ 36. Bf3 1-0

[Event "MNT-chT"]
[Site "Cetinje"]
[Date "2009.10.09"]
[Round "4"]
[White "Bajkovic, Nikola"]
[Black "Scekic, Veljko"]
[Result "1/2-1/2"]
[WhiteElo "2143"]
[BlackElo "2130"]
[PlyCount "72"]
[EventDate "2009.09.18"]
[EventType "team-tourn"]
[EventRounds "9"]
[EventCountry "MNE"]
[SourceTitle "EXT 2011"]
[Source "ChessBase"]
[SourceDate "2010.11.26"]
[SourceVersion "1"]
[SourceVersionDate "2010.11.26"]
[SourceQuality "1"]

1. Nf3 Nf6 2. g3 g6 3. Bg2 Bg7 4. 0-0 c5 5. d3 0-0 6. Nbd2 Nc6 7. c4 d6 8. Rb1 a6 9. a3 a5 10. b3 e5 11. Bb2 Ne8 12. e3 f5 13. Qc2 Nc7 14. Bc3 Na6 15. Qb2 Rb8 16. Ne1 Be6 17. Nc2 d5 18. cxd5 Bxd5 19. e4 fxe4 20. dxe4 Be6 21. Ne3 b5 22. Nf3 Nd4 23. Rfd1 Qe7 24. Bxd4 exd4 25. Nd5 Bxd5 26. exd5 Nc7 27. b4 axb4 28. axb4 Nxd5 29. bxc5 Nc3 30. c6 Nxb1 31. Rxb1 Qd6 32. Ng5 d3 33. Qb3+ Kh8 34. Nf7+ Rxf7 35. Qxf7 Rf8 36. Qd7 Qd4 1/2-1/2

[Event "Cetinje Batricevic Memorial op"]
[Site "Cetinje"]
[Date "2009.08.15"]
[Round "7"]
[White "Nikac, Predrag"]
[Black "Bajkovic, Nikola"]
[Result "1-0"]
[WhiteElo "2361"]
[BlackElo "2143"]
[PlyCount "95"]
[EventDate "2009.08.09"]
[EventType "swiss"]
[EventRounds "9"]
[EventCountry "MNE"]
[SourceTitle "CBM 131 Extra"]
[Source "ChessBase"]
[SourceDate "2009.09.03"]
[SourceVersion "2"]
[SourceVersionDate "2009.09.16"]
[SourceQuality "1"]

1. e4 c5 2. Nf3 d6 3. d4 cxd4 4. Nxd4 Nf6 5. Nc3 a6 6. f4 e5 7. Nf3 Qc7 8. Bd3 Nbd7 9. 0-0 b5 10. Qe1 Bb7 11. fxe5 dxe5 12. Nh4 g6 13. Bg5 Bg7 14. a4 bxa4 15. Nxa4 0-0 16. Qe2 Nh5 17. Be7 Nf4 18. Qe1 Rfe8 19. Ba3 Bf8 20. Qg3 Kh8 21. Nf3 f6 22. Kh1 Bc6 23. Nc3 Qb7 24. Nd2 Bxa3 25. Rxa3 Nc5 26. Qe3 Qe7 27. Bc4 f5 28. Ra5 Nxe4 29. Ndxe4 fxe4 30. g3 Nh3 31. Rc5 Rac8 32. Bxa6 Rf8 33. Rxf8+ Qxf8 34. Kg2 Rc7 35. Nd5 Bb5 36. Bxb5 Qxc5 37. Qxc5 Rxc5 38. c4 Ng5 39. b4 Rc8 40. c5 Ra8 41. Bc4 Ne6 42. Nb6 Re8 43. Bxe6 Rxe6 44. b5 Rf6 45. Nd5 Rf8 46. c6 Kg7 47. b6 Kf7 48. c7 1-0

[Event "Cetinje Batricevic Memorial op"]
[Site "Cetinje"]
[Date "2009.08.12"]
[Round "4"]
[White "Bajkovic, Nikola"]
[Black "Galic, Ivan2222"]
[Result "0-1"]
[WhiteElo "2143"]
[BlackElo "2349"]
[PlyCount "104"]
[EventDate "2009.08.09"]
[EventType "swiss"]
[EventRounds "9"]
[EventCountry "MNE"]
[SourceTitle "CBM 131 Extra"]
[Source "ChessBase"]
[SourceDate "2009.09.03"]
[SourceVersion "2"]
[SourceVersionDate "2009.09.16"]
[SourceQuality "1"]

1. d4 Nf6 2. Nf3 e6 3. Nbd2 c5 4. e3 cxd4 5. exd4 d5 6. Bd3 Be7 7. 0-0 0-0 8. Re1 b6 9. Qe2 a5 10. Ne5 Ba6 11. Ndf3 Bxd3 12. Qxd3 Qc8 13. Ng5 h6 14. Nh3 Nc6 15. c3 Bd6 16. f4 Ne4 17. Nf2 f5 18. Nxe4 fxe4 19. Qb5 Bxe5 20. fxe5 Qb7 21. Be3 Ne7 22. Rf1 Qc6 23. Rxf8+ Rxf8 24. Qxc6 Nxc6 25. Rf1 a4 26. Rb1 Ra8 27. Kf2 b5 28. Bd2 Kf7 29. Ke3 Ne7 30. Ke2 Nc8 31. Rf1+ Kg8 32. b3 Nb6 33. Ke3 axb3 34. axb3 Ra2 35. Rb1 Kf7 36. Rf1+ Ke8 37. Rb1 Ke7 38. Ke2 Kf7 39. Ke3 Kg6 40. Ke2 h5 41. g3 Ra7 42. Rf1 Ra3 43. Rb1 Ra2 44. Ke3 Nc8 45. h3 Ne7 46. Be1 Kg5 47. g4 hxg4 48. h4+ Kh5 49. c4 bxc4 50. bxc4 g5 51. cxd5 exd5 52. hxg5 Kxg5 0-1

[Event "Cetinje Batricevic Memorial op"]
[Site "Cetinje"]
[Date "2009.08.10"]
[Round "2"]
[White "Bajkovic, Nikola"]
[Black "Stamatovic, Vladimir"]
[Result "1-0"]
[WhiteElo "2143"]
[BlackElo "1908"]
[PlyCount "91"]
[EventDate "2009.08.09"]
[EventType "swiss"]
[EventRounds "9"]
[EventCountry "MNE"]
[SourceTitle "CBM 131 Extra"]
[Source "ChessBase"]
[SourceDate "2009.09.03"]
[SourceVersion "2"]
[SourceVersionDate "2009.09.16"]
[SourceQuality "1"]

1. c4 g6 2. Nc3 Bg7 3. g3 e5 4. Bg2 Nc6 5. d3 Nh6 6. Nf3 0-0 7. 0-0 d6 8. Rb1 Nf5 9. b4 a6 10. a4 h6 11. b5 axb5 12. axb5 Nb8 13. e4 Ne7 14. Bd2 Nd7 15. Ne1 Nc5 16. f4 f5 17. Qc2 c6 18. Nf3 Ne6 19. Ne2 Bd7 20. b6 Ra6 21. fxe5 dxe5 22. c5 Bc8 23. Ra1 Rxa1 24. Rxa1 g5 25. Ra4 g4 26. Nh4 f4 27. Bf1 f3 28. Nc1 Nd4 29. Qd1 Kh7 30. Be3 Ne6 31. Nb3 Bf6 32. Bf2 Bxh4 33. gxh4 Ng6 34. Qe1 Qe7 35. d4 exd4 36. Nxd4 Nxc5 37. Ra7 Qxe4 38. Qc3 Qe5 39. Ra5 Ne4 40. Qe1 Qe7 41. Bd3 Rf4 42. h5 c5 43. hxg6+ Kxg6 44. Qe3 Kg5 45. Bxe4 Qxe4 46. Rxc5+ 1-0

[Event "EU-ch 10th"]
[Site "Budva"]
[Date "2009.03.07"]
[Round "2"]
[White "Nestorovic, Nikola"]
[Black "Bajkovic, Nikola"]
[Result "1-0"]
[WhiteElo "2415"]
[BlackElo "2180"]
[PlyCount "93"]
[EventDate "2009.03.06"]
[EventType "swiss"]
[EventRounds "11"]
[EventCountry "MNE"]
[SourceTitle "CBM 130"]
[Source "ChessBase"]
[SourceDate "2009.05.20"]
[SourceVersion "1"]
[SourceVersionDate "2009.05.20"]
[SourceQuality "1"]

1. e4 c5 2. Nf3 d6 3. d4 cxd4 4. Nxd4 Nf6 5. Nc3 a6 6. Be3 e5 7. Nf3 Qc7 8. a4 Nbd7 9. a5 Be7 10. Be2 b5 11. axb6 Nxb6 12. 0-0 Bb7 13. Nd2 0-0 14. Bxb6 Qxb6 15. Nc4 Qc7 16. Qd3 Nxe4 17. Nxe4 d5 18. Ned2 dxc4 19. Nxc4 e4 20. Qg3 Qxg3 21. hxg3 Rfd8 22. Rfd1 Kf8 23. Nb6 Rxd1+ 24. Rxd1 Rd8 25. Rxd8+ Bxd8 26. Nd7+ Ke7 27. Nc5 Bd5 28. Nxa6 Kd6 29. c4 Bb7 30. Nb4 Ba5 31. Nc2 Ke5 32. g4 Bc8 33. Kh2 Be6 34. b3 Bd2 35. Kg3 f5 36. gxf5 Bxf5 37. Ne3 Bg6 38. Nc2 Bf5 39. Bg4 Bg6 40. Be6 Kd6 41. Bd5 Ke5 42. Ne3 h5 43. Kh2 Kd4 44. b4 Ke5 45. b5 Bb4 46. b6 Kd6 47. Kg3 1-0

[Event "EU-ch 10th"]
[Site "Budva"]
[Date "2009.03.06"]
[Round "1"]
[White "Bajkovic, Nikola"]
[Black "Drasko, Milan"]
[Result "0-1"]
[WhiteElo "2180"]
[BlackElo "2533"]
[PlyCount "60"]
[EventDate "2009.03.06"]
[EventType "swiss"]
[EventRounds "11"]
[EventCountry "MNE"]
[SourceTitle "CBM 130"]
[Source "ChessBase"]
[SourceDate "2009.05.20"]
[SourceVersion "1"]
[SourceVersionDate "2009.05.20"]
[SourceQuality "1"]

1. d4 e6 2. Nf3 Nf6 3. e3 c5 4. Bd3 d5 5. c3 Nbd7 6. Nbd2 b6 7. 0-0 Bb7 8. Ne5 g6 9. f4 Bg7 10. Ndf3 0-0 11. Qe2 Ne4 12. Bd2 f6 13. Nxd7 Qxd7 14. Be1 Qd6 15. Qc2 Rac8 16. Bxe4 dxe4 17. dxc5 Qxc5 18. Nd4 Bd5 19. Bf2 Rf7 20. Rfd1 f5 21. Rd2 b5 22. Qd1 Bf6 23. Qe1 h6 24. g4 fxg4 25. Bh4 Bg7 26. Qg3 e5 27. Ne2 Bc4 28. b4 Qb6 29. Rad1 exf4 30. Qxg4 Rcf8 0-1

[Event "MNT-chT1"]
[Site "Podgorica"]
[Date "2008.10.12"]
[Round "5"]
[White "Bajkovic, Nikola"]
[Black "Laban, Zoran"]
[Result "1/2-1/2"]
[WhiteElo "2193"]
[BlackElo "2098"]
[PlyCount "104"]
[EventDate "2008.09.07"]
[EventType "team-tourn"]
[EventRounds "9"]
[EventCountry "MNE"]
[SourceTitle "EXT 2010"]
[Source "ChessBase"]
[SourceDate "2010.11.25"]
[SourceVersion "1"]
[SourceVersionDate "2010.11.25"]
[SourceQuality "1"]

1. d4 Nf6 2. Nf3 d6 3. Nbd2 g6 4. e4 Bg7 5. Bd3 Nc6 6. c3 0-0 7. 0-0 Nh5 8. d5 Ne5 9. Nxe5 dxe5 10. Nf3 e6 11. c4 c6 12. dxc6 bxc6 13. Qc2 c5 14. Rd1 Qc7 15. a3 a5 16. Rb1 Rb8 17. Bd2 Bb7 18. b4 axb4 19. axb4 cxb4 20. Rxb4 Rfd8 21. Rdb1 Bc6 22. Bc3 Rxb4 23. Rxb4 h6 24. g3 f5 25. Nd2 Qd6 26. Bf1 Nf6 27. exf5 exf5 28. Qb2 Nd7 29. Nb3 Bf3 30. Rb5 Bc6 31. Bb4 Qd1 32. Na5 Bxb5 33. cxb5 Nb6 34. Nc6 Re8 35. Qa2+ Kh7 36. Qa7 Nd7 37. Qa2 Nb6 38. Ne7 Qd7 39. Qf7 Rxe7 40. Qxe7 e4 41. Qc5 Qd4 42. Be2 Nd5 43. Qxd4 Bxd4 44. Ba5 Kg7 45. Bc4 Nb6 46. Bb3 Kf6 47. Kf1 Ke5 48. h4 g5 49. Bb4 Nd7 50. Be7 gxh4 51. Bxh4 Nf6 52. Ke2 Nd5 1/2-1/2

[Event "MNT-chT1"]
[Site "Podgorica"]
[Date "2008.10.05"]
[Round "4"]
[White "Bajkovic, Nikola"]
[Black "Luksic, Vladimir"]
[Result "0-1"]
[WhiteElo "2193"]
[BlackElo "2171"]
[PlyCount "55"]
[EventDate "2008.09.07"]
[EventType "team-tourn"]
[EventRounds "9"]
[EventCountry "MNE"]
[SourceTitle "EXT 2010"]
[Source "ChessBase"]
[SourceDate "2010.11.25"]
[SourceVersion "1"]
[SourceVersionDate "2010.11.25"]
[SourceQuality "1"]

1. d4 Nf6 2. Nf3 g6 3. Nbd2 d5 4. e3 Bg7 5. c4 c6 6. b3 0-0 7. Bb2 Bg4 8. h3 Bxf3 9. Nxf3 Ne4 10. Bd3 Qa5+ 11. Kf1 Nd7 12. g3 f5 13. Qc2 e6 14. h4 Ndf6 15. Kg2 Ng4 16. Raf1 Nexf2 17. Qe2 Nxh1 18. Rxh1 h6 19. a4 Rf7 20. Ng1 Re8 21. Nh3 e5 22. dxe5 Bxe5 23. Bxe5 Rxe5 24. Nf4 Rxe3 25. Qb2 d4 26. b4 Qe5 27. Qd2 Kg7 28. Bc2 0-1

[Event "MNT-chT"]
[Site "Herceg Novi"]
[Date "2007.09.09"]
[Round "7"]
[White "Bajkovic, Nikola"]
[Black "Kosic, Dragan"]
[Result "0-1"]
[WhiteElo "2181"]
[BlackElo "2501"]
[PlyCount "48"]
[EventDate "2007.09.03"]
[EventType "team-tourn"]
[EventRounds "9"]
[EventCountry "MNE"]
[SourceTitle "CBM 120 Extra"]
[Source "ChessBase"]
[SourceDate "2007.11.01"]
[SourceVersion "1"]
[SourceVersionDate "2007.11.01"]
[SourceQuality "1"]

1. d4 e6 2. Nf3 c5 3. e3 Nf6 4. Nbd2 b6 5. Bd3 Bb7 6. Qe2 Nc6 7. c3 Be7 8. 0-0 0-0 9. e4 cxd4 10. cxd4 Nb4 11. a3 Nxd3 12. Qxd3 Qc7 13. e5 Nd5 14. Ne4 f5 15. exf6 Nxf6 16. Ng3 Rac8 17. Re1 Bd6 18. Ne5 Qc2 19. f3 Bxe5 20. Qxc2 Bxd4+ 21. Qf2 Bxf2+ 22. Kxf2 Rc2+ 23. Re2 Rfc8 24. b4 Rxc1 0-1

[Event "MNT-chT"]
[Site "Herceg Novi"]
[Date "2007.09.06"]
[Round "4"]
[White "Dragasevic, Srdjan"]
[Black "Bajkovic, Nikola"]
[Result "1/2-1/2"]
[WhiteElo "2295"]
[BlackElo "2181"]
[PlyCount "34"]
[EventDate "2007.09.03"]
[EventType "team-tourn"]
[EventRounds "9"]
[EventCountry "MNE"]
[SourceTitle "CBM 120 Extra"]
[Source "ChessBase"]
[SourceDate "2007.11.01"]
[SourceVersion "1"]
[SourceVersionDate "2007.11.01"]
[SourceQuality "1"]

1. d4 d5 2. Nf3 Nf6 3. c4 e6 4. Nc3 c6 5. e3 Nbd7 6. Qc2 Bd6 7. Bd2 0-0 8. Bd3 dxc4 9. Bxc4 e5 10. 0-0 Qe7 11. Bd3 h6 12. Ne4 Nxe4 13. Bxe4 Re8 14. Bf5 e4 15. Bxe4 Ne5 16. Bc3 Nd7 17. Bd2 Rf8 1/2-1/2

[Event "MNT-chT"]
[Site "Herceg Novi"]
[Date "2007.09.03"]
[Round "1.5"]
[White "Brajovic, Radovan"]
[Black "Bajkovic, Nikola"]
[Result "1-0"]
[WhiteElo "2255"]
[BlackElo "2181"]
[PlyCount "87"]
[EventDate "2007.09.03"]
[EventType "team-tourn"]
[EventRounds "9"]
[EventCountry "MNE"]
[SourceTitle "CBM 120 Extra"]
[Source "ChessBase"]
[SourceDate "2007.11.01"]
[SourceVersion "1"]
[SourceVersionDate "2007.11.01"]
[SourceQuality "1"]

1. e4 d5 2. exd5 Nf6 3. d4 Nxd5 4. c4 Nf6 5. Nc3 c6 6. Nf3 Bf5 7. Bd3 Bg4 8. Be3 e6 9. h3 Bxf3 10. Qxf3 Nbd7 11. 0-0 Bb4 12. Ne4 Nxe4 13. Bxe4 Nf6 14. Bc2 Qa5 15. a3 Bd6 16. b4 Qh5 17. Qxh5 Nxh5 18. f4 b5 19. cxb5 cxb5 20. f5 Ng3 21. fxe6 Nxf1 22. exf7+ Kxf7 23. Rxf1+ Ke8 24. Be4 Rc8 25. Bb7 Rc3 26. Bd2 Rc2 27. Rd1 Kd7 28. d5 Kc7 29. Bc6 a6 30. Be3 Rf8 31. a4 Bg3 32. axb5 axb5 33. Bxb5 Bf2+ 34. Bxf2 Rfxf2 35. d6+ Kd8 36. Bc6 Rfd2 37. Rxd2 Rxd2 38. d7 Kc7 39. b5 g5 40. Kf1 h5 41. Ke1 Rb2 42. Kd1 h4 43. Kc1 Rf2 44. b6+ 1-0

[Event "Bar Sozina op"]
[Site "Bar"]
[Date "2005.03.08"]
[Round "5"]
[White "Bajkovic, Nikola"]
[Black "Djukic, Zeljko"]
[Result "0-1"]
[WhiteElo "2183"]
[BlackElo "2412"]
[PlyCount "64"]
[EventDate "2005.03.04"]
[EventType "swiss"]
[EventRounds "9"]
[EventCountry "YUG"]
[SourceTitle "CBM 105 Extra"]
[Source "ChessBase"]
[SourceDate "2005.05.01"]
[SourceVersion "1"]
[SourceVersionDate "2005.05.01"]
[SourceQuality "1"]

1. d4 Nf6 2. Nf3 d5 3. c4 dxc4 4. Nc3 a6 5. a4 Nc6 6. e4 Bg4 7. Be3 Bxf3 8. gxf3 Na5 9. Bh3 g6 10. 0-0 Bg7 11. Qe2 Nh5 12. e5 f5 13. f4 e6 14. d5 exd5 15. Rad1 c6 16. Bxf5 0-0 17. Be6+ Kh8 18. Qg4 Qe7 19. Kh1 Rae8 20. Bd7 Rd8 21. Be6 Nb3 22. Bb6 Nxf4 23. Bxd8 Qxd8 24. Bd7 Bxe5 25. Rde1 Bxc3 26. bxc3 h5 27. Qg3 Qxd7 28. Qg5 Qg7 29. Re7 Rf7 30. Rxf7 Qxf7 31. Re1 Ne6 32. Qe5+ Ng7 0-1